[Event "Titled Tue 20th May Early"]
[Site "chess.com INT"]
[Date "2025.05.20"]
[Round "2"]
[White "Dorrance, Adam"]
[Black "Chen, Yidong"]
[Result "1-0"]
[WhiteTitle "FM"]
[WhiteElo "2301"]
[BlackElo "2038"]
[WhiteFideId "2618567"]
[BlackFideId "8607028"]
[EventDate "2025.05.20"]

1. c4 Nf6 2. Nc3 e5 3. Nf3 Nc6 4. e3 Bb4 5. Qc2 O-O 6. Nd5 Bd6 7. Ng5 g6 8. h4
Nxd5 9. cxd5 Nb4 10. Qb3 a5 11. a3 Na6 12. Qc2 Nc5 13. b3 Re8 14. Bb2 b6 15.
O-O-O a4 16. b4 Nb3+ 17. Kb1 Bb7 18. Bc4 Qe7 19. Ne4 Ba6 20. h5 Bxc4 21. Qxc4 f5
22. Ng3 Qg5 23. Rh3 Kg7 24. f4 Qg4 25. Rdh1 Nxd2+ 26. Ka1 Nxc4 27. hxg6 hxg6 28.
Rh7+ Kf6 29. Nh5+ gxh5 30. R1xh5 Nxb2 31. R5h6+ 1-0

[Event "Titled Tue 20th May Early"]
[Site "chess.com INT"]
[Date "2025.05.20"]
[Round "2"]
[White "Katishonok, Nikolaj"]
[Black "Sahbudak, Baris Cinar"]
[Result "0-1"]
[WhiteTitle "FM"]
[BlackTitle "CM"]
[WhiteElo "2004"]
[BlackElo "2072"]
[WhiteFideId "11600225"]
[BlackFideId "26351633"]
[EventDate "2025.05.20"]

1. Nf3 c5 2. c4 Nf6 3. b3 g6 4. Bb2 Bg7 5. g3 O-O 6. Bg2 Nc6 7. O-O d6 8. e3 Bg4
9. h3 Bf5 10. g4 Bd3 11. Re1 Nb4 12. Na3 Qa5 13. Nh2 Ne4 14. Qc1 Bxb2 15. Qxb2
f5 16. f3 Ng5 17. e4 fxe4 18. fxe4 e5 19. Re3 Rf4 20. Rae1 Raf8 21. Nb5 Nc2 22.
Nxd6 Nxe1 23. Qxe5 Nxg2 24. Rxd3 Ne1 25. Rd5 Nef3+ 26. Nxf3 Nxf3+ 27. Kg2 Nxe5 0-1

[Event "Titled Tue 20th May Early"]
[Site "chess.com INT"]
[Date "2025.05.20"]
[Round "2"]
[White "Bigabylov, Zhuban"]
[Black "Krutko, Anatoly"]
[Result "0-1"]
[WhiteTitle "FM"]
[BlackTitle "FM"]
[WhiteElo "2031"]
[BlackElo "2397"]
[WhiteFideId "13701495"]
[BlackFideId "4185862"]
[EventDate "2025.05.20"]

1. d3 g6 2. Nf3 Bg7 3. g3 c5 4. Bg2 Nf6 5. O-O O-O 6. e4 d6 7. Nc3 Nc6 8. h3 Rb8
9. Nh2 b5 10. f4 b4 11. Ne2 Ne8 12. g4 a5 13. g5 a4 14. Rb1 a3 15. bxa3 bxa3 16.
Rxb8 Nxb8 17. Bxa3 Qa5 18. Bc1 Qxa2 19. h4 Ba6 20. c4 Bc8 21. h5 Nc6 22. Ng3 Nd4
23. f5 Be5 24. Bf4 Bxf4 25. Rxf4 Ng7 26. Ng4 gxh5 27. Nh6+ Kh8 28. Kh1 Bd7 29.
Nxh5 Ne2 30. Nxg7 Nxf4 31. Nh5 Qxg2# 0-1

[Event "Titled Tue 20th May Early"]
[Site "chess.com INT"]
[Date "2025.05.20"]
[Round "2"]
[White "Dragnev, Valentin"]
[Black "Khazhatuly, Alikhan"]
[Result "1-0"]
[WhiteTitle "GM"]
[BlackTitle "CM"]
[WhiteElo "2540"]
[BlackElo "2196"]
[WhiteFideId "1634852"]
[BlackFideId "13731335"]
[EventDate "2025.05.20"]

1. e4 c5 2. Nf3 e6 3. g3 Nc6 4. Bg2 Nf6 5. Nc3 Be7 6. O-O e5 7. d3 O-O 8. Nh4
Rb8 9. Nf5 b5 10. f4 d6 11. Nxe7+ Nxe7 12. fxe5 dxe5 13. Bg5 Bg4 14. Qd2 b4 15.
Bxf6 Qd4+ 16. Kh1 gxf6 17. Nd5 Nxd5 18. exd5 Qxb2 19. Qh6 Rb6 20. Rae1 f5 21. d6
Qxc2 22. h3 Qxd3 23. Qg5+ Kh8 24. Qf6+ Kg8 25. Qg5+ Kh8 26. hxg4 Rxd6 27. Qe7
Rg8 28. Qxe5+ f6 29. Qxf5 Qxg3 30. Re7 Qh4+ 31. Kg1 Rd4 32. g5 Rg4 33. Qxf6+ 1-0

[Event "Titled Tue 20th May Early"]
[Site "chess.com INT"]
[Date "2025.05.20"]
[Round "2"]
[White "Jovic, Stanoje"]
[Black "Micic, Aleksa"]
[Result "1-0"]
[WhiteTitle "FM"]
[BlackTitle "FM"]
[WhiteElo "2096"]
[BlackElo "2191"]
[WhiteFideId "905020"]
[BlackFideId "989940"]
[EventDate "2025.05.20"]

1. c4 Nf6 2. g3 g6 3. Bg2 Bg7 4. Nc3 c5 5. Nf3 O-O 6. O-O Nc6 7. d4 cxd4 8. Nxd4
Qa5 9. Nb3 Qh5 10. e3 d6 11. Qxh5 Nxh5 12. e4 Be6 13. Nd5 Bxd5 14. cxd5 Nb4 15.
Rd1 Rac8 16. a3 Nc2 17. Rb1 a6 18. Kf1 Nf6 19. Ke2 Nd7 20. Bh3 f5 21. exf5 gxf5
22. Bg5 Nc5 23. Nxc5 Rxc5 24. Bg2 Nd4+ 25. Kf1 Kf7 26. Be3 Rc4 27. b3 f4 28.
gxf4 Rc2 29. Bxd4 Bh6 30. Be4 Ra2 31. Ra1 Rxa1 32. Rxa1 Bxf4 33. Bxh7 Bxh2 34.
Bf5 Rg8 35. Be6+ Kf8 36. Bxg8 1-0

[Event "Titled Tue 20th May Early"]
[Site "chess.com INT"]
[Date "2025.05.20"]
[Round "2"]
[White "Tekeyev, Zaur"]
[Black "Vasilenok, Anton"]
[Result "0-1"]
[WhiteTitle "IM"]
[BlackTitle "CM"]
[WhiteElo "2417"]
[BlackElo "2137"]
[WhiteFideId "4199731"]
[BlackFideId "34133124"]
[EventDate "2025.05.20"]

1. e4 e6 2. d4 d5 3. e5 c5 4. c3 Nc6 5. Nf3 Nge7 6. Bd3 cxd4 7. cxd4 Nf5 8. Bxf5
exf5 9. Nc3 Be7 10. h4 Be6 11. a3 Qd7 12. b4 f4 13. Bxf4 Bg4 14. Be3 Rc8 15. Nb1
O-O 16. Nbd2 b5 17. Qe2 a5 18. Qxb5 Nxb4 19. Qxd7 Nc2+ 20. Ke2 Bxd7 21. Ra2 Bb5+
22. Kd1 Bxa3 23. Ne1 Nxe3+ 24. fxe3 Rc1# 0-1

[Event "Titled Tue 20th May Early"]
[Site "chess.com INT"]
[Date "2025.05.20"]
[Round "2"]
[White "Firouzja, Alireza"]
[Black "Gkavardinas, Antonios"]
[Result "1-0"]
[WhiteTitle "GM"]
[BlackTitle "FM"]
[WhiteElo "2757"]
[BlackElo "2313"]
[WhiteFideId "12573981"]
[BlackFideId "25883097"]
[EventDate "2025.05.20"]

1. d4 d5 2. c4 e6 3. Nc3 Be7 4. cxd5 exd5 5. Bf4 c6 6. e3 Bf5 7. Nge2 Nd7 8. h4
h5 9. Ng3 Bg6 10. Bd3 Bxd3 11. Qxd3 g6 12. O-O-O Ngf6 13. f3 O-O 14. e4 dxe4 15.
fxe4 Ng4 16. Qf3 Qa5 17. e5 Nb6 18. Kb1 Nd5 19. Nxd5 Qxd5 20. Ne4 a5 21. Bg5
Bxg5 22. hxg5 Kg7 23. Rh4 Qe6 24. Nf6 Qf5+ 25. Qxf5 gxf5 26. Nxh5+ Kg6 27. Nf4+
Kxg5 28. g3 Rh8 29. Rdh1 Rxh4 30. Rxh4 Ne3 31. Kc1 Rd8 32. e6 Kf6 33. Rh6+ Kg7
34. Rh1 Rxd4 35. b3 Nd5 36. Re1 Kf8 37. e7+ Ke8 38. Rh1 1-0

[Event "Titled Tue 20th May Early"]
[Site "chess.com INT"]
[Date "2025.05.20"]
[Round "2"]
[White "Terron Elena, Francisco M."]
[Black "Smirnov, Alexandr A."]
[Result "0-1"]
[WhiteTitle "FM"]
[BlackTitle "FM"]
[WhiteElo "2148"]
[BlackElo "2136"]
[WhiteFideId "2210576"]
[BlackFideId "24104396"]
[EventDate "2025.05.20"]

1. e4 c5 2. Nf3 d6 3. d4 cxd4 4. Nxd4 Nf6 5. Nc3 a6 6. g3 e6 7. Bg2 Be7 8. O-O
Qc7 9. Be3 h5 10. h3 Nc6 11. a4 Ne5 12. f4 Nc4 13. Bc1 Bd7 14. b3 Ne3 15. Bxe3
Qxc3 16. Bf2 Rc8 17. e5 dxe5 18. fxe5 Nd5 19. Nf5 Qxe5 20. Nxe7 Nxe7 21. Bxb7
Rc3 22. Re1 Qc7 23. Be4 O-O 24. Qxh5 g6 25. Qh4 Nf5 26. Bxf5 exf5 27. Rad1 Rxc2
28. Bd4 f6 29. Bxf6 Rxf6 30. Rxd7 Qxd7 31. Qxf6 Qa7+ 0-1

[Event "Titled Tue 20th May Early"]
[Site "chess.com INT"]
[Date "2025.05.20"]
[Round "2"]
[White "Kao, Jamison Edrich"]
[Black "Ramu, K."]
[Result "1-0"]
[WhiteTitle "CM"]
[BlackTitle "FM"]
[WhiteElo "2018"]
[BlackElo "2151"]
[WhiteFideId "6007937"]
[BlackFideId "5006171"]
[EventDate "2025.05.20"]

1. e4 d6 2. d4 Nf6 3. Nc3 g6 4. Be3 Bg7 5. Qd2 h6 6. h3 c6 7. a4 Nbd7 8. Bd3 Nb6
9. a5 Nbd7 10. Nf3 e5 11. O-O Qe7 12. Rfe1 Nh5 13. b4 a6 14. d5 g5 15. dxc6 bxc6
16. Bc4 Nf4 17. Rad1 Bf8 18. Na4 Rb8 19. c3 h5 20. Nh2 Nf6 21. Bxf4 gxf4 22. Nb6
Bb7 23. Nf3 Rg8 24. Kh1 Nd7 25. Nxd7 Qxd7 26. Qe2 Qe7 27. Bxa6 Qf6 28. Bxb7 Rxb7
29. a6 Ra7 30. b5 cxb5 31. Qxb5+ Ke7 32. Qb6 Rd7 33. a7 Bh6 34. Ra1 Qg7 35. Rg1
Ra8 36. Nh4 Qf6 37. Nf5+ Ke8 38. Rgd1 Rdd8 39. Nxd6+ 1-0

[Event "Titled Tue 20th May Early"]
[Site "chess.com INT"]
[Date "2025.05.20"]
[Round "2"]
[White "Iskusnyh, Sergei"]
[Black "Le, Quang Liem"]
[Result "0-1"]
[WhiteTitle "GM"]
[BlackTitle "GM"]
[WhiteElo "2440"]
[BlackElo "2729"]
[WhiteFideId "4120027"]
[BlackFideId "12401137"]
[EventDate "2025.05.20"]

1. d4 Nf6 2. c4 e6 3. g3 c5 4. Nf3 cxd4 5. Nxd4 Qc7 6. Nd2 b6 7. Bg2 Bb7 8. Nb5
Qc8 9. e4 a6 10. Nc3 d6 11. O-O Be7 12. b3 O-O 13. Bb2 Nbd7 14. Rc1 Ra7 15. Qe2
Ba8 16. Rfd1 Rc7 17. Nf1 Qb8 18. Ne3 Rfc8 19. f4 Nc5 20. e5 dxe5 21. fxe5 Ne8
22. Ncd5 exd5 23. cxd5 Bf8 24. d6 Rd7 25. Nd5 Rcd8 26. b4 Ne6 27. a3 b5 28. Rf1
Nxd6 29. exd6 Rxd6 30. Nf4 Rd2 31. Qg4 0-1

[Event "Titled Tue 20th May Early"]
[Site "chess.com INT"]
[Date "2025.05.20"]
[Round "2"]
[White "Andriienko, Artom"]
[Black "Kvaloy, Aksel Bu"]
[Result "0-1"]
[BlackTitle "IM"]
[WhiteElo "2153"]
[BlackElo "2479"]
[WhiteFideId "34129510"]
[BlackFideId "1528815"]
[EventDate "2025.05.20"]

1. e4 e6 2. d4 d5 3. e5 c5 4. c3 Nc6 5. Nf3 Bd7 6. a3 cxd4 7. cxd4 Nge7 8. Bd3
Qb6 9. Bc2 Ng6 10. O-O Be7 11. b4 O-O 12. Nc3 f6 13. exf6 gxf6 14. Re1 Bd6 15.
Bh6 Rf7 16. Ne2 a5 17. Bxg6 hxg6 18. Bf4 Bf8 19. h4 axb4 20. axb4 Rxa1 21. Qxa1
Bxb4 22. Rb1 Qa6 23. Qb2 Bc8 24. Qc2 Qa3 25. Qxg6+ Kf8 26. Bh6+ Ke7 27. Nf4 Bd7
28. Qg8 Be8 29. Re1 Nd8 30. Nxd5+ Kd7 31. Nxb4 Qxb4 32. Bd2 Qf8 33. h5 Qxg8 34.
h6 Kc8 0-1

[Event "Titled Tue 20th May Early"]
[Site "chess.com INT"]
[Date "2025.05.20"]
[Round "2"]
[White "Tologon tegin, Semetei"]
[Black "Naroditsky, Daniel"]
[Result "0-1"]
[WhiteTitle "IM"]
[BlackTitle "GM"]
[WhiteElo "2313"]
[BlackElo "2619"]
[WhiteFideId "13800574"]
[BlackFideId "2026961"]
[EventDate "2025.05.20"]

1. d4 Nf6 2. c4 g6 3. Nc3 Bg7 4. e4 d6 5. Nf3 O-O 6. h3 e5 7. dxe5 dxe5 8. Qxd8
Rxd8 9. Bg5 Re8 10. Nd5 Nxd5 11. cxd5 c6 12. Bc4 cxd5 13. Bxd5 Nc6 14. a3 Be6
15. Bxe6 Rxe6 16. O-O-O Nd4 17. Nxd4 exd4 18. f3 Rb6 19. Rd3 Rc8+ 20. Kb1 Rc3
21. Rhd1 h6 22. Bc1 Rbb3 23. R3d2 Rc6 24. Ka2 Rb5 25. Rd3 a5 26. Bd2 Rc2 27. Rb3
Rxb3 28. Kxb3 d3 29. Bc3 Bxc3 30. bxc3 Rxg2 31. Rxd3 Rg3 32. Ka4 Rxh3 33. Kxa5
g5 34. Kb6 Kg7 35. Kxb7 g4 36. a4 Rxf3 37. Rd1 Rxc3 38. a5 Rb3+ 39. Ka7 g3 40.
a6 h5 41. Rh1 g2 42. Rg1 Rb2 43. Ka8 h4 44. e5 h3 45. e6 fxe6 46. a7 h2 47. Rb1
Ra2 48. Kb8 g1=Q 49. Rb7+ Kf6 50. a8=Q Qg8+ 51. Kc7 Rxa8 0-1

[Event "Titled Tue 20th May Early"]
[Site "chess.com INT"]
[Date "2025.05.20"]
[Round "2"]
[White "Shishkov, Andrei"]
[Black "Zepeda Berlanga, Jan Enrique"]
[Result "1-0"]
[WhiteTitle "IM"]
[BlackTitle "CM"]
[WhiteElo "2343"]
[BlackElo "1941"]
[WhiteFideId "4500563"]
[BlackFideId "5132355"]
[EventDate "2025.05.20"]

1. d4 Nf6 2. c4 g6 3. f3 Bg7 4. e4 d6 5. Be3 c5 6. dxc5 Qa5+ 7. Qd2 Qxd2+ 8.
Nxd2 dxc5 9. Bxc5 Nc6 10. O-O-O O-O 11. Ne2 Be6 12. Nf4 Bc8 13. Nd5 Nxd5 14.
cxd5 Ne5 15. Bxe7 Re8 16. Bg5 f5 17. f4 Ng4 18. e5 Nf2 19. Bc4 Nxh1 20. Rxh1 Kf8
21. d6 Bd7 22. Be7+ Rxe7 23. dxe7+ Kxe7 24. Kb1 Rc8 25. Bd5 Bh6 26. g3 b5 27. h4
Bf8 28. Rc1 Rxc1+ 29. Kxc1 Kd8 30. Nb3 Bb4 31. Kd1 Ke7 32. a3 a5 33. axb4 1-0

[Event "Titled Tue 20th May Early"]
[Site "chess.com INT"]
[Date "2025.05.20"]
[Round "2"]
[White "Azadaliyev, Jahandar"]
[Black "Galchenko, Matvey"]
[Result "1-0"]
[WhiteTitle "FM"]
[BlackTitle "IM"]
[WhiteElo "2290"]
[BlackElo "2442"]
[WhiteFideId "13425811"]
[BlackFideId "24175480"]
[EventDate "2025.05.20"]

1. d4 Nf6 2. Nf3 c5 3. c3 e6 4. g3 b6 5. Bg2 Bb7 6. O-O g6 7. Nbd2 Bg7 8. Re1
O-O 9. e4 d6 10. b3 Nc6 11. Bb2 cxd4 12. Nxd4 Ne5 13. Qe2 Qc8 14. Rac1 Rd8 15.
c4 a6 16. f4 Nc6 17. N2f3 Nxe4 18. Nxe6 Bxb2 19. Nxd8 Bxc1 20. Nxb7 Qxb7 21.
Qxe4 Ba3 22. Kh1 Bb4 23. Rd1 Na5 24. Qxb7 Nxb7 25. Nd4 Bc5 26. Bxb7 Re8 27. Bf3
Re3 28. Kg2 Kg7 29. Ne2 Kf6 30. g4 h6 31. h3 Kg7 32. Rb1 Rd3 33. b4 Be3 34. Rb3
Rxb3 35. axb3 Kf6 36. Bd5 Ke7 37. Kf3 Bc1 38. Ke4 Bd2 39. Nd4 f6 40. b5 axb5 41.
Nxb5 Bb4 42. f5 g5 43. Nd4 Bc5 44. b4 1-0

[Event "Titled Tue 20th May Early"]
[Site "chess.com INT"]
[Date "2025.05.20"]
[Round "2"]
[White "Begmuratov, Alisher"]
[Black "Kis, Lorand Bela"]
[Result "1-0"]
[WhiteTitle "FM"]
[WhiteElo "2395"]
[BlackElo "1955"]
[WhiteFideId "14203367"]
[BlackFideId "2024098"]
[EventDate "2025.05.20"]

1. c4 g6 2. g3 Bg7 3. Bg2 d6 4. Nf3 Nc6 5. Nc3 e5 6. d3 h6 7. Rb1 a5 8. a3 f5 9.
Nd2 Nf6 10. b4 axb4 11. axb4 O-O 12. b5 Ne7 13. Bb2 g5 14. O-O Qe8 15. e3 Kh8
16. Ra1 Rb8 17. Kh1 Qg6 18. f4 gxf4 19. exf4 Ng4 20. Qe2 Qh5 21. h3 Ng6 22. Nd5
exf4 23. Bxg7+ Kxg7 24. Nxf4 Nxf4 25. Rxf4 Nf6 26. Qf2 Bd7 27. Nf3 b6 28. Ra7
Rbc8 29. Rh4 Qf7 30. Nd4 Qg6 31. Bc6 Rfd8 32. Bxd7 Rxd7 33. Nxf5+ 1-0

[Event "Titled Tue 20th May Early"]
[Site "chess.com INT"]
[Date "2025.05.20"]
[Round "2"]
[White "Puzyrevsky, Semyon"]
[Black "Sklokin, Sergey"]
[Result "1-0"]
[WhiteTitle "FM"]
[BlackTitle "FM"]
[WhiteElo "2253"]
[BlackElo "2311"]
[WhiteFideId "24240931"]
[BlackFideId "55730230"]
[EventDate "2025.05.20"]

1. d4 Nf6 2. Nf3 g6 3. Bf4 Bg7 4. Nbd2 d5 5. e3 O-O 6. h3 c5 7. c3 Nc6 8. Bd3
cxd4 9. exd4 Bf5 10. Bxf5 gxf5 11. O-O Ne4 12. Ne5 Nxe5 13. Bxe5 f6 14. Bh2 e5
15. dxe5 fxe5 16. c4 Nxd2 17. Qxd2 dxc4 18. Qe2 Qd3 19. Qh5 Rad8 20. Bxe5 Qd7
21. Rad1 Qf7 22. Qg5 Rxd1 23. Rxd1 h6 24. Qg3 b5 25. Rd6 Kh7 26. Qf4 Bxe5 27.
Rxh6+ Kg8 28. Qxe5 Qg7 29. Qd5+ Rf7 30. Qe6 Qxb2 31. Rg6+ Kf8 32. Qc8+ 1-0

[Event "Titled Tue 20th May Early"]
[Site "chess.com INT"]
[Date "2025.05.20"]
[Round "2"]
[White "Skiadopoulos, Nikolaos"]
[Black "Maycock Bates, David Henry"]
[Result "0-1"]
[WhiteTitle "CM"]
[BlackTitle "CM"]
[WhiteElo "1882"]
[BlackElo "2274"]
[WhiteFideId "4200772"]
[BlackFideId "5142547"]
[EventDate "2025.05.20"]

1. e4 d6 2. d4 Nf6 3. Nc3 g6 4. Be2 Bg7 5. Be3 Nbd7 6. Qd2 a6 7. Bh6 Bxh6 8.
Qxh6 b5 9. a3 c5 10. dxc5 Nxc5 11. Bf3 Bb7 12. Qe3 O-O 13. h4 h5 14. Nge2 Ncd7
15. Ng3 Rc8 16. O-O Ne5 17. Be2 Nfg4 18. Qf4 e6 19. Nxh5 gxh5 20. Qg3 Kh8 21.
Rad1 Rg8 22. Qf4 Qxh4 23. Bxg4 Rxg4 0-1

[Event "Titled Tue 20th May Early"]
[Site "chess.com INT"]
[Date "2025.05.20"]
[Round "2"]
[White "Rozman, Levy"]
[Black "Bruhovich, Olexandr"]
[Result "1-0"]
[WhiteTitle "IM"]
[BlackTitle "CM"]
[WhiteElo "2324"]
[BlackElo "2208"]
[WhiteFideId "2039877"]
[BlackFideId "14119919"]
[EventDate "2025.05.20"]

1. Nf3 Nf6 2. g3 g6 3. Bg2 Bg7 4. O-O O-O 5. c4 d6 6. Nc3 e5 7. d3 Nbd7 8. Rb1
Re8 9. b4 e4 10. Nd2 e3 11. fxe3 Ng4 12. Nde4 Bh6 13. Nd5 c6 14. Nxd6 cxd5 15.
Nxf7 Qe7 16. Nxh6+ Nxh6 17. Bxd5+ Kg7 18. Bb2+ Ne5 19. Rf4 Bf5 20. e4 Bg4 21.
Qd2 g5 22. Rf2 Kg6 23. Rbf1 Rf8 24. Rxf8 Rxf8 25. Rxf8 Qxf8 26. Bxe5 Bh3 27. Qe1
Ng4 28. Bd4 Qxb4 29. Qxb4 1-0

[Event "Titled Tue 20th May Early"]
[Site "chess.com INT"]
[Date "2025.05.20"]
[Round "2"]
[White "Dyulgerov, Volen"]
[Black "Malyshev, Vasilij"]
[Result "0-1"]
[WhiteTitle "CM"]
[BlackTitle "IM"]
[WhiteElo "2200"]
[BlackElo "2353"]
[WhiteFideId "2918978"]
[BlackFideId "4105346"]
[EventDate "2025.05.20"]

1. e4 e5 2. Nf3 Nf6 3. Nc3 d6 4. d4 Nbd7 5. Bd3 Be7 6. O-O O-O 7. a4 c6 8. a5
Rb8 9. h3 b5 10. axb6 axb6 11. Ra7 b5 12. d5 cxd5 13. Nxd5 Nxd5 14. exd5 Nc5 15.
Be2 f5 16. Be3 Bf6 17. Bxc5 dxc5 18. d6 Be6 19. h4 Qb6 20. Re7 Rfe8 21. Rxe6
Rxe6 22. Ng5 Rxd6 23. Qa1 c4 24. b3 e4 25. Qa2 h6 26. bxc4 Qa6 27. Qb3 Qa4 28.
c5+ Qxb3 29. cxb3 Rd2 30. c6 0-1

[Event "Titled Tue 20th May Early"]
[Site "chess.com INT"]
[Date "2025.05.20"]
[Round "2"]
[White "Sarkar, Justin"]
[Black "Kosteniuk, Alexandra"]
[Result "0-1"]
[WhiteTitle "IM"]
[BlackTitle "GM"]
[WhiteElo "2286"]
[BlackElo "2479"]
[WhiteFideId "2010011"]
[BlackFideId "4128125"]
[EventDate "2025.05.20"]

1. h3 e5 2. c4 d5 3. cxd5 Qxd5 4. Nc3 Qd6 5. Nf3 Nc6 6. e3 Bf5 7. d4 exd4 8. Nb5
Qd7 9. Nfxd4 Nxd4 10. Qxd4 Qxd4 11. Nxd4 Bb4+ 12. Bd2 Bxd2+ 13. Kxd2 O-O-O 14.
Kc3 Bg6 15. f3 Ne7 16. e4 f5 17. Nxf5 Nxf5 18. exf5 Bxf5 19. Bc4 Rhe8 20. Rhe1
c6 21. a4 Kc7 22. g4 Bg6 23. f4 Be4 24. Re3 Bd5 25. Rxe8 Rxe8 26. Bxd5 cxd5 27.
Rd1 Kd6 28. b4 Re3+ 29. Rd3 Re1 30. f5 Ke5 31. Kd2 Re4 32. Rc3 Rxb4 33. Rc7 Kf6
34. Rd7 a5 35. Kd3 Rxa4 36. Rxb7 Ra3+ 37. Kd4 Rxh3 38. Kxd5 Rg3 0-1

[Event "Titled Tue 20th May Early"]
[Site "chess.com INT"]
[Date "2025.05.20"]
[Round "2"]
[White "Aranda, Juan Manuel"]
[Black "Sutormin, Danila"]
[Result "0-1"]
[WhiteTitle "CM"]
[BlackTitle "FM"]
[WhiteElo "2134"]
[BlackElo "2381"]
[WhiteFideId "160458"]
[BlackFideId "24108669"]
[EventDate "2025.05.20"]

1. Nf3 Nf6 2. g3 b5 3. c3 Bb7 4. Qb3 a6 5. Bg2 c5 6. a4 c4 7. Qc2 e6 8. b3 cxb3
9. Qxb3 Bd5 10. Qc2 Nc6 11. d3 Na5 12. e4 Bc6 13. O-O Be7 14. Nd4 O-O 15. Na3 b4
16. cxb4 Bxb4 17. Bg5 h6 18. Bxf6 Qxf6 19. Nxc6 Nxc6 20. Nc4 Nd4 21. Qa2 Rab8
22. f4 d5 23. e5 Qe7 24. Ne3 Bc5 25. Kh1 Rb3 26. Rfd1 Rfb8 27. Rab1 Qb7 28. Rxb3
Qxb3 29. Qxb3 Rxb3 30. f5 Ne2 31. Nc2 Rc3 32. Ne1 Nd4 33. Rb1 Nxf5 34. g4 Ne3
35. Nf3 Nxg2 36. Kxg2 Rxd3 37. h4 a5 38. Rb8+ Kh7 39. Rb7 Ra3 40. Rxf7 Rxa4 41.
Rc7 Be3 42. h5 Rxg4+ 43. Kh3 Rf4 44. Nh4 Rf8 45. Re7 a4 46. Rxe6 a3 47. Ra6 Bc5
48. Ng6 Re8 49. Kg4 d4 50. Kf5 d3 51. e6 d2 52. Ra7 d1=Q 0-1

[Event "Titled Tue 20th May Early"]
[Site "chess.com INT"]
[Date "2025.05.20"]
[Round "2"]
[White "Tahmasebi, Hamidreza"]
[Black "Xue, Haowen"]
[Result "0-1"]
[WhiteTitle "FM"]
[BlackTitle "GM"]
[WhiteElo "2298"]
[BlackElo "2518"]
[WhiteFideId "12537527"]
[BlackFideId "8625492"]
[EventDate "2025.05.20"]

1. e4 c5 2. Nf3 Nc6 3. d4 cxd4 4. Nxd4 Qc7 5. c4 Nf6 6. Nc3 Nxe4 7. Nxe4 Qe5 8.
Be3 Qxe4 9. Nb5 Qe5 10. Be2 e6 11. O-O a6 12. Nd4 Bc5 13. Nf3 Qd6 14. Qc1 O-O
15. Rd1 Qe7 16. Bf4 d6 17. a3 a5 18. Nd2 e5 19. Bg3 Nd4 20. Bd3 f5 21. h3 e4 22.
Bf1 f4 23. Bh2 e3 24. Re1 exf2+ 25. Kxf2 Ne2+ 26. Kf3 Qe3# 0-1

[Event "Titled Tue 20th May Early"]
[Site "chess.com INT"]
[Date "2025.05.20"]
[Round "2"]
[White "Vokhidov, Shamsiddin"]
[Black "Guerra Tulcan, Lenin"]
[Result "1-0"]
[WhiteTitle "GM"]
[BlackTitle "IM"]
[WhiteElo "2641"]
[BlackElo "2310"]
[WhiteFideId "14204223"]
[BlackFideId "3601382"]
[EventDate "2025.05.20"]

1. e4 e6 2. Nf3 c5 3. Nc3 Nc6 4. d4 cxd4 5. Nxd4 Qc7 6. Qd3 a6 7. Nxc6 bxc6 8.
Qg3 Qxg3 9. hxg3 e5 10. g4 d6 11. Be2 Be6 12. Bd2 Nf6 13. g5 Nd7 14. O-O-O d5
15. f4 d4 16. f5 dxc3 17. Bxc3 Bxa2 18. b3 Ba3+ 19. Bb2 Bxb2+ 20. Kxb2 Bxb3 21.
cxb3 Nc5 22. Rc1 Nxe4 23. Bf3 Nxg5 24. Bxc6+ Ke7 25. Bxa8 Rxa8 26. Rc6 Kd7 27.
Rhc1 Ra7 28. Rb6 a5 29. f6 g6 30. Rc5 a4 31. Rxe5 Ne6 32. b4 a3+ 33. Ka2 Kc7 34.
Rbb5 Kc6 35. Ra5 Rb7 36. Kxa3 Kd6 37. Rad5+ Kc6 38. b5+ Kb6 39. Kb4 Rc7 40. Rd6+
Kb7 41. Rdxe6 fxe6 42. Rxe6 Rc1 43. Re7+ Kb6 44. Rxh7 Rb1+ 45. Kc4 Rxb5 46. Rb7+
Kxb7 47. Kxb5 1-0

[Event "Titled Tue 20th May Early"]
[Site "chess.com INT"]
[Date "2025.05.20"]
[Round "2"]
[White "Yanev, Tihomir"]
[Black "Shuvalova, Polina"]
[Result "0-1"]
[WhiteTitle "IM"]
[BlackTitle "IM"]
[WhiteElo "2354"]
[BlackElo "2494"]
[WhiteFideId "2910110"]
[BlackFideId "24171760"]
[EventDate "2025.05.20"]

1. e4 c6 2. Nc3 d5 3. Nf3 Bg4 4. h3 Bxf3 5. Qxf3 e6 6. g3 Nd7 7. Bg2 Bc5 8. O-O
Ne7 9. Qd1 d4 10. Ne2 O-O 11. d3 a5 12. f4 a4 13. a3 Qb6 14. g4 f5 15. Ng3 Rae8
16. Kh2 Kh8 17. g5 Bd6 18. h4 e5 19. exf5 Nxf5 20. Nxf5 Rxf5 21. Be4 Ref8 22.
Bxf5 Rxf5 23. Qg4 g6 24. fxe5 Rxf1 25. exd6 Qc5 26. Bf4 Qxc2+ 27. Kh3 Qxd3+ 28.
Bg3 Rxa1 29. Qxd7 Rh1+ 30. Kg4 Qe4+ 31. Bf4 Rg1+ 32. Kh3 Qg2# 0-1

[Event "Titled Tue 20th May Early"]
[Site "chess.com INT"]
[Date "2025.05.20"]
[Round "2"]
[White "Guliev, Gasan"]
[Black "Poormosavi, Seyed Kian"]
[Result "0-1"]
[WhiteTitle "CM"]
[BlackTitle "IM"]
[WhiteElo "2123"]
[BlackElo "2379"]
[WhiteFideId "34165638"]
[BlackFideId "12585807"]
[EventDate "2025.05.20"]

1. d4 d5 2. Bg5 c6 3. Qd2 Bf5 4. Nc3 h6 5. Bh4 Nd7 6. O-O-O Ngf6 7. f3 Qa5 8. g4
Bh7 9. Bg3 e6 10. h4 Bb4 11. g5 Nh5 12. Bf2 Bxc3 13. Qxc3 Qxa2 14. e4 dxe4 15.
Bc4 Qa4 16. gxh6 gxh6 17. d5 O-O-O 18. b3 Qa3+ 19. Kb1 Nb6 20. Bxb6 axb6 21. Ne2
exd5 22. Rxd5 cxd5 23. Bxd5+ Qc5 24. Qxc5+ bxc5 25. fxe4 Nf6 26. Bxf7 Nxe4 27.
Nf4 Rhf8 28. Be6+ Kb8 29. Nd3 Rf6 30. Bc4 Nd2+ 31. Kc1 Nxc4 32. bxc4 Bxd3 33.
cxd3 Rxd3 0-1